Since 1947 partition narratives among punjabi migrants of delhi / (Record no. 151579)

MARC details
000 -LEADER
fixed length control field 00615nam a22001937a 4500
005 - DATE AND TIME OF LATEST TRANSACTION
control field 20180419163240.0
010 ## - LCCN (DPL NO)
LC control number ENG-122646
020 ## - INTERNATIONAL STANDARD BOOK NUMBER
Terms of availability 395.00
International Standard Book Number 9780199483570
035 ## - SYSTEM CONTROL NUMBER
System control number EN-106178
037 ## - SOURCE OF ACQUISITION
Source of stock number/acquisition DBAD/PUB
082 ## - DEWEY DECIMAL CLASSIFICATION NUMBER
Classification number 954.085
100 ## - MAIN ENTRY--PERSONAL NAME
Personal name Kaur,Ravinder
245 ## - TITLE STATEMENT
Title Since 1947 partition narratives among punjabi migrants of delhi /
Statement of responsibility, etc by Ravinder Kaur
260 ## - PUBLICATION, DISTRIBUTION, ETC. (IMPRINT)
Date of publication, distribution, etc 2018
Place of publication, distribution, etc New Delhi
Name of publisher, distributor, etc Oxford University Press
270 ## - ADDRESS
Address 2/1 Ground Floor,Ansari Road Daryaganj,
City New Delhi
Postal code 110002
300 ## - PHYSICAL DESCRIPTION
Dimensions 21cm(pbk)
Extent 277P.
500 ## - GENERAL NOTE
General note It includes index
942 ## - ADDED ENTRY ELEMENTS (KOHA)
Item type English Books
Source of classification or shelving scheme Dewey Decimal Classification
Call number suffix KAU
Classification part 954.085
Holdings
Withdrawn status Lost status Not for loan Collection code Home library Current library Date acquired Source of acquisition Cost, normal purchase price Full call number Barcode Copy number Cost, replacement price Koha item type
    Not For Loan Non-fiction D.B.Act.Division Patel Nagar 19/04/2018 DBAD/PUB 395.00 954.085 KAU EN-106178 1 395.00 English Books

© Delhi Public Library
Hit Counter
free hit counter